Journal of professional counseling, practice, theory, & research

Bibliographic Details
Previous Title:TCA journal (Online)
Corporate Author: Texas Counseling Association
Format: Electronic Journal
Language:English
Published: Austin, Tex. : Texas Counseling Association
Subjects:
Online Access:Full text available from Research Library: Spring 2004 to 07/31/2016

MARC

LEADER 00000nas a22000007a 4500
001 ssj0031486
003 WaSeSS
005 20200512172242.0
006 m d
007 cr n
008 060425c20049999txufr pss 0 a0eng c
010 |a  2012203366 
016 7 |a 2164477-9  |2 DE-600 
016 7 |a 019095010  |2 Uk 
022 |a 2168-9156  |y 1556-6382 
035 |a (WaSeSS)ssj0031486 
040 |a OCLCS  |b eng  |c OCLCS  |d OCLCS  |d OCLCQ  |d HUA  |d TXJ  |d CO3  |d HEBIS  |d DLC  |d OCLCQ  |d OCLCF  |d OCLCO  |d OCLCQ  |d NTG  |d AU@  |d UAB  |d U3W  |d VT2  |d UKMGB  |d WaSeSS 
042 |a pcc  |a nsdp 
050 4 |a BF637.C6  |b T46a 
082 1 0 |a 158  |2 14 
082 0 4 |a 158/.3/05  |2 19 
130 0 |a Journal of professional counseling, practice, theory, & research (Online) 
222 0 |a Journal of professional counseling, practice, theory, & research  |b (Online) 
245 1 0 |a Journal of professional counseling, practice, theory, & research  |h [electronic resource]. 
246 3 |a Journal of professional counseling, practice, theory, and research 
246 3 0 |a Professional counseling, practice, theory, & research 
260 |a Austin, Tex. :  |b Texas Counseling Association 
310 |a Semiannual 
362 1 |a Print began with v. 32, no. 1 (spring 2004). 
506 |a License restrictions may limit access. 
538 |a Mode of access: World Wide Web. 
588 |a Description based on print version record. 
588 |a Latest issue consulted: Vol. 39, no. 1 (winter 2012) (viewed July 25, 2012). 
650 0 |a Counseling  |v Periodicals. 
650 0 |a Educational counseling  |v Periodicals. 
650 7 |a Counseling.  |2 fast  |0 (OCoLC)fst00881212 
650 7 |a Educational counseling.  |2 fast  |0 (OCoLC)fst00903395 
655 0 |a Electronic journals. 
710 2 |a Texas Counseling Association. 
776 1 |t Journal of professional counseling, practice, theory, & research  |x 1556-6382  |w (DLC) 2005205756  |w (OCoLC)55891574 
780 0 0 |t TCA journal (Online)  |w (OCoLC)60621430 
856 4 0 |z Full text available from Research Library: Spring 2004 to 07/31/2016  |u https://search.proquest.com/publication/21999